United Kingdom in the Eurovision Song Contest - Statistics

General Stats
  • This quiz has been taken 21 times
    3 since last reset
  • The average score is 18 of 68
Answer Stats
Answer % Correct
Bigger Than Us
100%
Dizzy
100%
Embers
100%
I Can
100%
I Wrote A Song
100%
Never Give Up On You
100%
Space Man
100%
Still In Love With You
100%
Storm
100%
Children of the Universe
67%
Eins, Zwei, Drei
67%
It's My Time
67%
Love Will Set You Free
67%
What the Hell Just Happened?
67%
You're Not Alone
67%
Believe In Me
33%
Congratulations
33%
Cry Baby
33%
Don't Play That Song Again
33%
Even If
33%
Flying The Flag (For You)
33%
Love Shine A Light
33%
Making Your Mind Up
33%
One Step Out of Time
33%
Ooh Aah... Just a Little Bit
33%
Puppet on a String
33%
Teenage Life
33%
That Sounds Good to Me
33%
Touch My Fire
33%
All
0%
A Man Without Love
0%
A Message To Your Heart
0%
Are You Sure?
0%
Beg, Steal or Borrow
0%
Better the Devil You Know
0%
Boom Bang-a-Bang
0%
Come Back
0%
Give A Little Love Back to the World
0%
Go
0%
Hold On To Our Love
0%
I Belong
0%
I Love the Little Things
0%
I'm Never Giving Up
0%
Jack in the Box
0%
Knock, Knock, Who's There?
0%
Let Me Be The One
0%
Long Live Love
0%
Looking High, High, High
0%
Love City Groove
0%
Love Enough For Two
0%
Love Games
0%
Love Is
0%
Mary Ann
0%
No Dream Impossible
0%
One Step Further
0%
Only The Light
0%
Power to All Our Friends
0%
Ring-A-Ding Girl
0%
Rock Bottom
0%
Runner in the Night
0%
Save Your Kisses for Me
0%
Say It Again
0%
Say Wonderful Things
0%
Sing Little Birdie
0%
The Bad Old Days
0%
We Will Be Free (Lonely Symphony)
0%
Where Are You?
0%
Why Do I Always Get It Wrong
0%
No matching quizzes found
Score Distribution
Percent of People with Each Score
Percentile by Number Answered
Your Score History
You have not taken this quiz since the last reset